000 00531nam a2200157 4500
001 121098
003 ES-MaACL
005 20230906191704.0
007 t|
008 070214s1999 sp r ||||1| spa d
100 1 _aPons, Antonio.
_992982
245 1 0 _aHistoria del reino de Mallorca
_b: instituciones, cultura y costumbres del reino : siglo XII-XVII /
_cAntonio Pons.
260 _aPalma de Mallorca :
_b[s.n.],
_c1970 (
_fGráf. Miramar)
300 _a189 p., 3 lám. :
_bil. ;
_c21 cm.
852 _aES-MaACL
_jC-39815
_bR.76331
999 _c121098
_d121098